| 000 | 00374nam a22001457a 4500 | ||
|---|---|---|---|
| 005 | 20250927112418.0 | ||
| 008 | 250927b |||||||| |||| 00| 0 eng d | ||
| 020 | _a9988582242 | ||
| 050 |
_aSB406 _b.83 NOR |
||
| 100 | _aNORMAN J. C | ||
| 245 | _aTROPICAL FLORICULTURE | ||
| 260 |
_aACCRA _bNATIONAL SCIENCE AND TECHNOLOGY _c2004 |
||
| 300 | _aviii, 216p | ||
| 942 |
_2lcc _cBK _n0 |
||
| 999 |
_c7778 _d7778 |
||